00570nam a22001577a 4500003000400000020001800004082001500022100001600037245007100053260002300124300001500147650001900162942001300181999001700194952020100211OSt a9780007368549 a153.8bARP aARIELY, Dan aPredictably Irrational: The hidden forces that shape our decisions aUK:bHarper,c208. axxii,278p. aGeneral Books  2ddccREF c12774d12774 00102ddc40708GENERALaPIETbPIETd2024-06-18eZafaa Books and DistributorsfIn rupeesg450.00kZBD0077l1o153.8 ARPp37666q2025-01-28r2024-07-12 00:00:00s2024-07-12v337.50w2024-06-18yBK